Wikipedia Opening Sentences (Animals) - Statistics

General Stats
  • This quiz has been taken 17 times
  • The average score is 11 of 15
Answer Stats
Wikipedia Opening Animal % Correct
Ground-dwelling, predominantly herbivorous apes that inhabit the forests of central Sub-Saharan Africa. Gorilla
100%
Hypercarnivorous bear whose native range lies largely within the Arctic Circle Polar Bear
100%
A toothed whale belonging to the oceanic dolphin family, of which it is the largest member. Orca
93%
Species of great ape native to the forests and savannahs of tropical Africa. Chimpanzee
87%
A subspecies of the wolf or Canis familiaris when considered a distinct species. Dog
87%
Even-toed ungulate mammal, the tallest living terrestrial animal and the largest ruminant. Giraffe
87%
The most common type of large domesticated ungulates. Cattle
73%
The smallest breed of dog. Chihuahua
73%
Large, mostly herbivorous, semiaquatic mammal and ungulate native to sub-Saharan Africa. Hippopotamus
73%
Insects of the order Diptera, the name being derived from the Greek "two", and "wings". Fly
67%
Eusocial insects of the family Formicidae and, along with the related wasps and bees, belong to the order Hymenoptera. Ant
60%
Carnivoran mammals of the family Ursidae. They are classified as caniforms, or doglike carnivorans. Bear
60%
Gill-bearing aquatic craniate animals that lack limbs with digits. Fish
60%
Small flightless insects that survive as external parasites of mammals and birds. Flea
60%
Eusocial flying insect, native to Eurasia but spread to four other continents by human beings. Honey Bee
60%
No matching quizzes found
Score Distribution
Percent of People with Each Score
Percentile by Number Answered
Your Score History
You have not taken this quiz